The Shah's Story / (رقم التسجيلة. 45248)

تفاصيل مارك
000 -الفاتح
عناصر البيانات ثابتة الطول 00635cam a2200217 i 4500
005 - تاريخ ووقت آخر معاملة
حقل ضبط 20260401092123.0
008 - عناصر البيانات ثابتة الطول
عناصر البيانات ثابتة الطول 250721s1980 xxk gr 000 0 eng d
020 ## - الترقيم الدولي المعياري للكتب (ردمك)
الترقيم الدولي المعياري للكتب (ردمك) 0718119444
041 ## - كود اللغة
كود اللغة لنص/مسار صوت أو عنوان منفصل fra
-- eng
082 14 - رقم تصنيف ديوي العشري
رقم التصنيف 955.05
رقم المادة MOH
100 1# - مدخل رئيسي – اسم شخصي
الاسم الشخصي Pahlavi, Mohammed Reza
علاقة الشخص بالعمل/ دوره Author.
245 14 - بيان العنوان
العنوان The Shah's Story /
بيان المسؤولية Mohammad Reza Pahlavi ؛ translated from the french by Teresa Waugh.
250 ## - بيان الطبعة
بيان الطبعة first puoblised.
264 31 - بيانات النشر، التوزيع…إلخ
مكان النشر، التوزيع...إلخ London :
اسم الناشر، الموزع...إلخ Michael Joseph,
تاريخ النشر، التوزيع...إلخ 1980.
300 ## - الوصف المادي
عدد الوحدات المكونة للوعاء 237 pages.
650 17 - مدخل إضافي بالموضوع - مصطلح موضوعي
مصطلح موضوعي أو اسم جغرافي كعنصر مدخل Iran.
650 17 - مدخل إضافي بالموضوع - مصطلح موضوعي
مصطلح موضوعي أو اسم جغرافي كعنصر مدخل History.
700 1# - مدخل إضافي - اسم شخصي
الاسم الشخصي Waugh, Teresa
علاقة الشخص بالعمل/ دوره translator.
942 ## - بيانات إضافية (كوها)
نوع التنصيف Dewey Decimal Classification
نوع المادة (كوها) كتب
المقتنيات
حالة السحب حالة الفقدان مصدر التصنيف حالة التلف غير قابل للإعارة المكتبة الرئيسية المكتبة الحالية موقع الرف تاريخ التزويد رقم المخزون Total Checkouts رقم الإستدعاء الباركود تاريخ آخر ظهور تاريخ الفاتورة نوع المادة (كوها)
    Dewey Decimal Classification     المكتبة المركزية المكتبة المركزية الإعارة 06/07/2004 45717   955.05 / M O H 45717 28/07/2025 06/07/2004 كتب
Implemented & Customized by: BBB with SCIT (Smart Chains for Information Technology)

Powered by Koha